000 00249nmm a2200085Ia 4500
008 220120s9999||||xx |||||||||||||||||und||
100 _aLFY-AUG-2007
_910832
245 0 _aWorking in a virtual world XEN, 3.1 QEMU, UML, NEWBIES, Xour
260 _bBangalore
999 _c138726
_d138726